000 00669nam a22002657a 4500
003 UA-OsUOA
001 104734
007 ta
008 20140128b un ||||| |||| 00| 0 ukr d
100 _aBielenda А.
700 _aPatrus Т.
090 _a94(438)
942 _cBK
040 _aUA-OsUOA
_bpol
_cUA-OsUOA
_dUA-OsUOA
245 _aLubenia Dzieje wsi i okolsc
300 _a176 s.
955 _a2
041 _apol
080 _a94(438)
020 _a83-87773-49-7
260 _aLubenia
_bSolonres
_c2009
650 7 _a9 Географія. Біографії. Історія
_2UDC
999 _c390959
_d390959